Word Ladder: Adventure Time Quiz Stats

Quiz Updated Jan 26, 2016

Challenge
Share
Tweet
Embed
Score 0/15 Timer 01:30
0 Plays Today
Clue 4-Letter Word % Correct
Superman love interest: Lois ____LANE
96.4%
Marc Antony request: '____ me your ears'LEND
93.6%
Movie: ____ It Like BeckhamBEND
92.6%
Cartoon panther colorPINK
92.5%
Austen, Fonda, or Porter, e. g.JANE
92.4%
● ____ of Ooo ●● LAND ●
88.5%
Common coniferous treePINE
86.8%
Library late feeFINE
86.6%
Clue 4-Letter Word % Correct
Friends character: Chandler ____BING
86%
Crease in a garden hoseKINK
85.8%
● Ice ____ (formerly Simon Petrikov) ● ● KING ●
82.1%
Ionic or covalent, e. g. BOND
81.3%
Low-pitched bell noiseBONG
81.3%
● Canine main character ●● JAKE ●
46.5%
● Human main character ●● FINN ●
45.4%

Today's Daily Dose

Missing Word
Law Misconceptions

Word Ladder
Easy Math

On This Day
January 20th

You're not logged in!

Compare scores with friends on all Sporcle quizzes.
Sign Up with Email
OR
Log In

You Might Also Like...

Show Comments

Extras

Top Quizzes Today


Score Distribution

Your Account Isn't Verified!

In order to create a playlist on Sporcle, you need to verify the email address you used during registration. Go to your Sporcle Settings to finish the process.